[Event "Titled Tue 10th Jun Early"]
[Site "chess.com INT"]
[Date "2025.06.10"]
[Round "7"]
[White "Nguyen Thi Mai Hung"]
[Black "Nguyen Quang Anh"]
[Result "0-1"]
[WhiteTitle "WGM"]
[BlackTitle "CM"]
[WhiteElo "2191"]
[BlackElo "2052"]
[WhiteFideId "12401676"]
[BlackFideId "12432377"]
[EventDate "2025.06.10"]

1. d4 c5 2. d5 e6 3. e4 Nf6 4. Nc3 d6 5. Nf3 Be7 6. Bd3 exd5 7. exd5 O-O 8. O-O
Bg4 9. h3 Bh5 10. Bf4 a6 11. a4 Nbd7 12. Re1 Re8 13. Be2 Bf8 14. Nd2 Bxe2 15.
Rxe2 Rxe2 16. Qxe2 h6 17. Nc4 Nb6 18. Ne3 a5 19. Rd1 Qe8 20. b3 Qd7 21. Qd3 g6
22. Nb5 Re8 23. c4 Ne4 24. Ng4 h5 25. Ne3 Nf6 26. Qe2 Nh7 27. Qf3 Nc8 28. Qg3
Nf6 29. Nf1 Ne4 30. Qf3 f5 31. Ng3 Bg7 32. Nxe4 Rxe4 33. Qg3 Kf7 34. Bxd6 h4 35.
Qh2 Qe8 36. Rf1 Kg8 37. Bc7 Re1 38. d6 Qe2 0-1

[Event "Titled Tue 10th Jun Early"]
[Site "chess.com INT"]
[Date "2025.06.10"]
[Round "7"]
[White "Enkhrii Enkh-Amgalan"]
[Black "Zepeda Berlanga, Jan Enrique"]
[Result "0-1"]
[WhiteTitle "WFM"]
[BlackTitle "CM"]
[WhiteElo "2226"]
[BlackElo "1984"]
[WhiteFideId "4907272"]
[BlackFideId "5132355"]
[EventDate "2025.06.10"]

1. d4 Nf6 2. c4 g6 3. Nc3 d5 4. Bf4 Bg7 5. e3 O-O 6. cxd5 Nxd5 7. Nxd5 Qxd5 8.
Bxc7 Bf5 9. Ne2 Na6 10. Nc3 Qe6 11. Bg3 Nb4 12. Rc1 Nxa2 13. Qa4 Nxc1 14. Bc4
Qc6 15. Qxc6 bxc6 16. Kd2 e5 17. dxe5 Nd3 18. Bxd3 Rfd8 19. e4 Be6 20. Ke3 Rab8
21. Rb1 Bf8 22. f4 Bc5+ 23. Ke2 Bg4+ 24. Kd2 Rb4 25. Kc2 Be6 26. b3 Rbd4 27. Na4
Bb4 28. Nb2 Ba3 29. Bc4 Rd2+ 30. Kc3 Bxb2+ 31. Rxb2 Rxb2 32. Kxb2 Rd2+ 33. Kc3
Rxg2 34. f5 Bxc4 35. Kxc4 Kf8 36. e6 fxe6 37. Bd6+ Ke8 38. f6 Kf7 39. e5 Rxh2
40. Kc5 Rc2+ 41. Kb4 h5 42. Bc5 h4 43. Bxa7 h3 44. Bg1 Rg2 0-1

[Event "Titled Tue 10th Jun Early"]
[Site "chess.com INT"]
[Date "2025.06.10"]
[Round "7"]
[White "Adewumi, Tanitoluwa"]
[Black "Sjugirov, Sanan"]
[Result "1-0"]
[WhiteTitle "FM"]
[BlackTitle "GM"]
[WhiteElo "2362"]
[BlackElo "2635"]
[WhiteFideId "30966396"]
[BlackFideId "4189302"]
[EventDate "2025.06.10"]

1. Nf3 d5 2. b3 Bg4 3. Bb2 Bxf3 4. exf3 e6 5. f4 Nf6 6. g3 g6 7. Bg2 Bg7 8. O-O
O-O 9. d4 a5 10. a3 Na6 11. Nd2 c5 12. c4 Rc8 13. Rc1 b6 14. Qe2 cxd4 15. cxd5
d3 16. Qxd3 Nc5 17. Qb5 Nxd5 18. Bxg7 Kxg7 19. Nc4 Nd3 20. Ra1 Rc5 21. Qa6 Nc3
22. Nxb6 Qd4 23. Na4 Ne2+ 24. Kh1 Rc2 25. Bf3 Nxf2+ 26. Kg2 Nxf4+ 27. gxf4 Nd3+
28. Kh1 Nf2+ 29. Kg2 Ng4+ 30. Kg3 Nxh2 31. Rad1 Qf6 32. Qd3 Rfc8 33. Rf2 Rxf2
34. Kxf2 Qxf4 35. Kg2 Nxf3 36. Rf1 Nh4+ 37. Kh3 Qg5 38. Qd4+ e5 39. Qxh4 Qe3+
40. Qg3 Qe2 41. Qf3 Qxf3+ 42. Rxf3 f5 43. b4 axb4 44. axb4 e4 45. Rb3 f4 46. Kg4
f3 47. Kg3 Rc2 48. b5 Rg2+ 49. Kh3 f2 50. Kxg2 1-0

[Event "Titled Tue 10th Jun Early"]
[Site "chess.com INT"]
[Date "2025.06.10"]
[Round "7"]
[White "Borgaonkar, Akshay"]
[Black "Oro, Faustino"]
[Result "0-1"]
[WhiteTitle "FM"]
[BlackTitle "IM"]
[WhiteElo "2453"]
[BlackElo "2465"]
[WhiteFideId "25639110"]
[BlackFideId "20000197"]
[EventDate "2025.06.10"]

1. e4 e5 2. Nf3 Nc6 3. Bb5 a6 4. Ba4 Nf6 5. O-O Be7 6. Re1 b5 7. Bb3 d6 8. c3
O-O 9. h3 Nb8 10. d4 Nbd7 11. a4 Bb7 12. Bc2 Re8 13. Nbd2 Bf8 14. Bd3 c6 15. Nf1
g6 16. Ng3 Qc7 17. Be3 Bg7 18. dxe5 dxe5 19. b4 Rad8 20. Qb3 Nb6 21. a5 Rxd3 22.
Bxb6 Qd7 23. Rad1 c5 24. Bxc5 Nxe4 25. Rxd3 Qxd3 26. Re3 Nxc5 27. bxc5 Qd7 28.
Ne4 Qd5 29. Qxd5 Bxd5 30. Nd6 Re7 31. Rd3 Bc6 32. Rd1 h6 33. Kf1 f5 34. Ke2 Bf6
35. g4 f4 36. Nc8 Rd7 37. Nxe5 Bxe5 38. Rxd7 Bxd7 39. Ne7+ Kf7 40. Nd5 Ke6 41.
Nb4 Bc8 42. Kd3 g5 43. Nc2 Kd5 44. f3 Kxc5 45. Ke4 Bxc3 46. h4 b4 47. hxg5 hxg5
48. Ne1 Bxe1 0-1

[Event "Titled Tue 10th Jun Early"]
[Site "chess.com INT"]
[Date "2025.06.10"]
[Round "7"]
[White "Sargsyan, Shant"]
[Black "Rustamov, Rustam"]
[Result "1-0"]
[WhiteTitle "GM"]
[BlackTitle "FM"]
[WhiteElo "2669"]
[BlackElo "2334"]
[WhiteFideId "13306766"]
[BlackFideId "13440110"]
[EventDate "2025.06.10"]

1. c4 Nf6 2. g3 e6 3. Bg2 d5 4. Nf3 Be7 5. O-O O-O 6. b3 d4 7. e3 c5 8. exd4
cxd4 9. Ne5 Nfd7 10. Nd3 Nc6 11. Re1 Nc5 12. Nxc5 Bxc5 13. Ba3 Bxa3 14. Nxa3 Qa5
15. Nb5 Rd8 16. a3 a6 17. b4 Qb6 18. Nd6 Qc7 19. c5 Bd7 20. Rc1 Rab8 21. h4 Rf8
22. h5 h6 23. Qg4 e5 24. Qe4 Be6 25. d3 f6 26. f4 Kh8 27. Qe2 Bg8 28. Rf1 exf4
29. Rxf4 Rbd8 30. Re1 Rxd6 31. cxd6 Qxd6 32. Bxc6 Qxc6 33. Rxd4 Qc3 34. Rd7 Qxa3
35. Rxb7 Qc3 36. Qe3 Bf7 37. Rc1 Qb2 38. Rxf7 Rxf7 39. Rc8+ Kh7 40. Qe8 Qd4+ 41.
Kh1 Qd5+ 42. Kh2 Qxh5+ 43. Kg1 Qd1+ 44. Kg2 Qh5 45. Rc5 Qg6 46. Rc8 Qh5 47. d4
Qd5+ 48. Kh2 Qh5+ 49. Kg1 Qd1+ 50. Kg2 Qh5 51. Rc5 Qg6 52. Rc8 Qh5 53. Qe4+ f5
54. Qe8 f4 55. Qg8+ Kg6 56. Rc6+ Rf6 57. Qe8+ 1-0

[Event "Titled Tue 10th Jun Early"]
[Site "chess.com INT"]
[Date "2025.06.10"]
[Round "7"]
[White "Kislinsky, Alexey"]
[Black "Marchesich, Giovanni"]
[Result "1-0"]
[WhiteTitle "GM"]
[BlackTitle "CM"]
[WhiteElo "2341"]
[BlackElo "2189"]
[WhiteFideId "14108801"]
[BlackFideId "2824790"]
[EventDate "2025.06.10"]

1. d4 c5 2. d5 e5 3. e4 d6 4. c4 Be7 5. Nf3 Nf6 6. Nc3 O-O 7. h3 Ne8 8. Bd3 g6
9. g4 Ng7 10. Rg1 Nd7 11. Bh6 a6 12. a4 Nf6 13. b3 Bd7 14. Qe2 Nfe8 15. Rg3 Bh4
16. Nxh4 Qxh4 17. Qd2 Qd8 18. Kf1 f6 19. Kg2 Rf7 20. Rh1 Nc7 21. h4 Qe7 22. Qe2
Raf8 23. f3 Kh8 24. Nd1 f5 25. Bg5 Qe8 26. h5 gxh5 27. gxf5 Qc8 28. Ne3 Nce8 29.
Bh6 Rg8 30. Kf2 Nf6 31. Rhg1 h4 32. Rg5 Ngh5 33. Rxg8+ Nxg8 34. Bg5 Rg7 35. Bxh4
Nf4 36. Qf1 Qf8 37. Rxg7 Qxg7 38. Be2 Nf6 39. Qh1 N6h5 40. Bf1 b5 41. axb5 axb5
42. cxb5 Be8 43. Qg1 Qa7 44. Qg5 Qa2+ 45. Kg1 Qa1 46. Qe7 Nh3+ 47. Kh2 Qb2+ 48.
Bg2 1-0

[Event "Titled Tue 10th Jun Early"]
[Site "chess.com INT"]
[Date "2025.06.10"]
[Round "7"]
[White "Aarit Kapil"]
[Black "Dominguez, Ramiro"]
[Result "1-0"]
[WhiteTitle "CM"]
[BlackTitle "FM"]
[WhiteElo "2078"]
[BlackElo "2210"]
[WhiteFideId "33408947"]
[BlackFideId "4420055"]
[EventDate "2025.06.10"]

1. Nf3 Nf6 2. g3 d5 3. Bg2 e6 4. O-O Be7 5. d4 O-O 6. Ne5 c5 7. c3 Nbd7 8. f4 b6
9. Nc6 Qe8 10. Nxe7+ Qxe7 11. a4 Bb7 12. a5 Rfc8 13. Nd2 Rc7 14. e3 Rac8 15. Re1
g6 16. Nf3 Ne4 17. Ne5 Ndf6 18. g4 h6 19. Qb3 c4 20. Qb5 Bc6 21. Qa6 Rb8 22. h3
Qe8 23. axb6 Rxb6 24. Qa5 Rcb7 25. h4 Bb5 26. g5 hxg5 27. hxg5 Nh5 28. Qa2 Ra6
29. Qb1 Ba4 30. Bxe4 dxe4 31. Qxe4 Bc6 32. Qb1 Rxa1 33. Qxa1 Rc7 34. Qa5 Qc8 35.
Nxc4 Ba8 36. Ne5 Qb7 37. e4 Ng3 38. d5 Nxe4 39. Rxe4 exd5 40. Rd4 Re7 41. Kf2
Qc8 42. Qb4 Rxe5 43. fxe5 Qf5+ 44. Rf4 Qxe5 45. Qd4 Qe6 46. Be3 Bc6 47. Qf6 Qe8
48. Bd4 1-0

[Event "Titled Tue 10th Jun Early"]
[Site "chess.com INT"]
[Date "2025.06.10"]
[Round "7"]
[White "Sek, Konstantin"]
[Black "Nagare Kaivalya Sandip"]
[Result "0-1"]
[WhiteTitle "IM"]
[BlackTitle "FM"]
[WhiteElo "2368"]
[BlackElo "2321"]
[WhiteFideId "24104302"]
[BlackFideId "25957929"]
[EventDate "2025.06.10"]

1. e4 e5 2. Bc4 Nf6 3. d3 c6 4. Nf3 d5 5. Bb3 a5 6. a4 Bb4+ 7. c3 Bd6 8. Nbd2
O-O 9. O-O dxe4 10. dxe4 Qe7 11. Qe2 Na6 12. Nc4 Bc7 13. Bg5 h6 14. Bh4 Nc5 15.
Bc2 Ne6 16. Bg3 Nh5 17. Bxe5 Nef4 18. Qe3 Bh3 19. gxh3 Bxe5 20. Ncxe5 Qe6 21.
Kh1 Qxh3 22. Rg1 Rae8 23. Nd3 Ng6 24. Rg2 Qe6 25. Nc5 Qf6 26. Rag1 Re7 27. Nd3
Rfe8 28. e5 Qf5 29. Nde1 Qh3 30. Bxg6 fxg6 31. Rxg6 Kh8 32. Nd3 Qf5 33. Nd4 Qf7
34. e6 Qf8 35. Ne5 Nf4 36. Qg3 c5 37. Nf7+ Rxf7 38. exf7 Qxf7 39. Nf3 Nxg6 40.
Qxg6 Qxf3+ 41. Qg2 Qxg2+ 42. Kxg2 Re4 43. Rd1 Rxa4 44. Rd5 b6 45. Rd6 b5 46. Rb6
b4 47. c4 Ra2 48. Rb5 Rxb2 49. Rxc5 a4 50. Ra5 a3 51. c5 a2 52. c6 b3 53. Kg3
Rc2 0-1

[Event "Titled Tue 10th Jun Early"]
[Site "chess.com INT"]
[Date "2025.06.10"]
[Round "7"]
[White "Jimenez Salas, Maria Teresa"]
[Black "Souleidis, Georgios"]
[Result "1-0"]
[WhiteTitle "WIM"]
[BlackTitle "IM"]
[WhiteElo "2170"]
[BlackElo "2418"]
[WhiteFideId "3843866"]
[BlackFideId "4206827"]
[EventDate "2025.06.10"]

1. e4 c5 2. Nf3 e6 3. d4 cxd4 4. Nxd4 Nf6 5. Nc3 Nc6 6. Ndb5 Bc5 7. Nd6+ Ke7 8.
Bf4 e5 9. Nf5+ Kf8 10. Be3 Bb4 11. a3 Bxc3+ 12. bxc3 d5 13. exd5 Bxf5 14. dxc6
bxc6 15. Bd3 Bxd3 16. cxd3 Qa5 17. O-O Kg8 18. Qf3 Rc8 19. Bg5 Ne8 20. Qg4 Qc7
21. Rfe1 h6 22. Bh4 g5 23. Bg3 f6 24. d4 Rd8 25. dxe5 Qd7 26. Qc4+ Qd5 27. Qxd5+
Rxd5 28. exf6 Nxf6 29. Rab1 Rd7 30. Rb8+ Kg7 31. Rxh8 Kxh8 32. Be5 Kg7 33. g3
Kf7 34. Kg2 a6 35. Bd4 Nd5 36. Rb1 Nc7 37. Rb7 Ke6 38. Rb6 Kd5 39. Rb7 c5 40.
Be3 Kc6 41. Rb8 Nb5 42. Rh8 Rd6 43. h4 gxh4 44. gxh4 Nxc3 45. Rxh6 Nd5 46. Rxd6+
Kxd6 47. Kf3 c4 48. Ke4 Nf6+ 49. Kd4 Ng4 50. Kxc4 Kc6 51. h5 Nf6 52. h6 Nh7 53.
Bd4 Nf6 54. Bxf6 1-0

[Event "Titled Tue 10th Jun Early"]
[Site "chess.com INT"]
[Date "2025.06.10"]
[Round "7"]
[White "Madhesh Kumar S"]
[Black "Iniyan, Pa"]
[Result "0-1"]
[WhiteTitle "CM"]
[BlackTitle "GM"]
[WhiteElo "2243"]
[BlackElo "2573"]
[WhiteFideId "25168649"]
[BlackFideId "25002767"]
[EventDate "2025.06.10"]

1. e4 c6 2. d4 d5 3. e5 c5 4. Nf3 Nc6 5. dxc5 Bg4 6. c3 e6 7. Be3 Bxf3 8. Qxf3
Nxe5 9. Bb5+ Nc6 10. c4 Nf6 11. Nc3 a6 12. Ba4 Be7 13. cxd5 exd5 14. Rd1 O-O 15.
O-O Qa5 16. a3 Bxc5 17. b4 Nxb4 18. Bxc5 Qxc5 19. axb4 Qxb4 20. Rb1 Qa5 21. Ra1
Rac8 22. Ne2 b5 23. Bb3 Qb6 24. Bxd5 Nxd5 25. Qxd5 Rc2 26. Ng3 h6 27. Qe5 Rc5
28. Qd4 Rd8 29. Rxa6 Qc7 30. Qg4 Rc4 31. Qf3 b4 32. Nh5 Qe5 33. h3 Rc3 34. Qg4
Rd4 35. f4 Qe3+ 36. Kh1 g6 37. Nf6+ Kg7 38. Qh4 Qe2 39. Rfa1 Rc2 40. Qg4 Qxg4
41. Nxg4 b3 42. Rb1 b2 43. Kh2 Rdd2 44. Rb6 Rxg2+ 45. Kh1 Rge2 46. Kg1 Rc1+ 0-1

[Event "Titled Tue 10th Jun Early"]
[Site "chess.com INT"]
[Date "2025.06.10"]
[Round "7"]
[White "Moinzai, Khushal"]
[Black "Ozkan, Taha"]
[Result "1-0"]
[WhiteTitle "FM"]
[BlackTitle "FM"]
[WhiteElo "1894"]
[BlackElo "2247"]
[WhiteFideId "11701200"]
[BlackFideId "34577173"]
[EventDate "2025.06.10"]

1. d4 d5 2. Nf3 Nf6 3. c4 e6 4. g3 Be7 5. Bg2 O-O 6. Qc2 dxc4 7. Qxc4 a6 8. a4
c5 9. O-O Nc6 10. dxc5 Qd5 11. Qxd5 Nxd5 12. e4 Ndb4 13. Nc3 e5 14. Nd5 Bxc5 15.
Be3 Bxe3 16. Nxe3 f6 17. Rfd1 Be6 18. Bf1 Rfd8 19. Bc4 Kf7 20. Rac1 Bxc4 21.
Nxc4 Nd3 22. Rc3 Nc5 23. Nd6+ Ke6 24. Rxc5 Rxd6 25. Rcd5 Rad8 26. Kf1 Rxd5 27.
exd5+ Rxd5 28. Rc1 e4 29. Re1 f5 30. g4 Kf6 31. Nh4 fxg4 32. Rxe4 Rd4 33. Re8
Rxa4 34. Ng2 Ra1+ 35. Ke2 Nd4+ 36. Kd3 Rd1+ 37. Kc3 Nf3 38. Ne3 Rc1+ 39. Kb3 h5
40. Rb8 Rc7 41. Nd5+ Ke5 42. Nxc7 b5 43. Nxa6 Nd4+ 44. Kc3 Ne2+ 45. Kd2 Nd4 46.
Nc7 Nf3+ 47. Ke3 Nxh2 48. Rxb5+ Kf6 49. Rxh5 Nf3 50. Nd5+ Ke6 51. Nf4+ Kf6 52.
b4 Ne5 53. Nd5+ Ke6 54. Nf4+ Kf6 55. Rxe5 Kxe5 56. b5 Kd6 57. Ke4 Kc5 58. Kf5
Kxb5 59. Kxg4 Kc4 60. Ne6 g6 61. Nf4 Kd4 62. Nxg6 1-0

[Event "Titled Tue 10th Jun Early"]
[Site "chess.com INT"]
[Date "2025.06.10"]
[Round "7"]
[White "Kholyavko, Mariya"]
[Black "Sakhayi, Mostafa"]
[Result "1-0"]
[WhiteTitle "WFM"]
[BlackTitle "CM"]
[WhiteElo "2175"]
[BlackElo "2166"]
[WhiteFideId "13748505"]
[BlackFideId "12512532"]
[EventDate "2025.06.10"]

1. c4 b6 2. Nc3 Bb7 3. d4 e6 4. e4 Bb4 5. Bd3 Qh4 6. g3 Qe7 7. Ne2 f5 8. O-O
Bxc3 9. Nxc3 fxe4 10. Nxe4 Nf6 11. Bg5 Nc6 12. Bxf6 gxf6 13. Qh5+ Kf8 14. Qh6+
Qg7 15. Qxf6+ Qxf6 16. Nxf6 Ke7 17. Nxh7 Nxd4 18. f4 Nf3+ 19. Kf2 Nxh2 20. Ke2
Ng4 21. Rae1 Rag8 22. Kd2 Bg2 23. Rg1 Bf3 24. Ng5 Rh2+ 25. Kc1 Bc6 26. Be4 Bxe4
27. Nxe4 Nf6 28. Nc3 Rg4 29. Nb5 c6 30. Nd4 Nh5 31. Nf5+ Kf6 32. Nd6 Rxg3 33.
Rxg3 Nxg3 34. Nc8 Ne2+ 35. Kb1 Nxf4 36. Nxa7 e5 37. Nc8 Kf5 38. Nxb6 e4 39. Nxd7
Nd3 40. Rf1+ Rf2 41. Rxf2+ Nxf2 42. Kc2 e3 43. a4 Ke6 44. Nc5+ Kd6 45. Nb3 Ne4
46. Kd3 1-0

[Event "Titled Tue 10th Jun Early"]
[Site "chess.com INT"]
[Date "2025.06.10"]
[Round "7"]
[White "Sobek, Jaroslav"]
[Black "Salimova, Asal"]
[Result "0-1"]
[WhiteTitle "FM"]
[BlackTitle "WCM"]
[WhiteElo "2195"]
[BlackElo "2063"]
[WhiteFideId "301388"]
[BlackFideId "14204940"]
[EventDate "2025.06.10"]

1. d4 Nf6 2. c4 e6 3. Bf4 c5 4. d5 d6 5. Nc3 exd5 6. cxd5 a6 7. a4 g6 8. h3 Bg7
9. e3 O-O 10. Nf3 Qe7 11. Be2 Nbd7 12. O-O h6 13. Nd2 g5 14. Bg3 Ne5 15. Rb1 Bf5
16. e4 Bd7 17. Re1 Rfb8 18. b4 cxb4 19. Rxb4 Rc8 20. Qb3 Rab8 21. Nd1 b5 22.
axb5 axb5 23. Bxb5 Bxb5 24. Rxb5 Rxb5 25. Qxb5 Nh5 26. Bxe5 Bxe5 27. Nf3 Rc5 28.
Qb4 Nf4 29. Nxe5 Qxe5 30. Ne3 Nd3 31. Qb8+ Kh7 32. Ng4 Qf4 33. Rf1 h5 34. Ne3
Rc1 35. Rxc1 Qxf2+ 36. Kh2 Nxc1 37. Nf5 Qf4+ 38. Kh1 Ne2 39. Qb1 h4 40. Nd4 Nxd4
41. e5+ Kg8 42. exd6 Qxd6 43. Qd3 Qe5 44. Qd2 Nf5 45. d6 Ng3+ 46. Kg1 Ne2+ 47.
Kh1 Ng3+ 48. Kg1 Ne2+ 49. Kh1 Qa1+ 0-1

[Event "Titled Tue 10th Jun Early"]
[Site "chess.com INT"]
[Date "2025.06.10"]
[Round "7"]
[White "Raptis, Nick"]
[Black "Khalafvand, Dorsa Sadat"]
[Result "1/2-1/2"]
[WhiteTitle "FM"]
[BlackTitle "WCM"]
[WhiteElo "2220"]
[BlackElo "1985"]
[WhiteFideId "2016850"]
[BlackFideId "36767522"]
[EventDate "2025.06.10"]

1. d4 d5 2. Nc3 Nf6 3. Bg5 e6 4. e4 dxe4 5. Nxe4 Be7 6. Bxf6 Bxf6 7. Nf3 b6 8.
Bd3 Bb7 9. Qe2 Nd7 10. O-O-O Qe7 11. g4 g6 12. h4 O-O-O 13. Ba6 Bg7 14. g5 Kb8
15. Bxb7 Kxb7 16. Rhe1 c5 17. c3 cxd4 18. Nxd4 Nc5 19. Nb5 Nxe4 20. Qxe4+ Kb8
21. Kc2 Rhf8 22. Nd4 Bxd4 23. Rxd4 Rxd4 24. Qxd4 Rd8 25. Qe5+ Qc7 26. f4 Kb7 27.
Qxc7+ Kxc7 28. c4 Rd4 29. Kc3 Rxf4 30. b4 Rf3+ 31. Kd4 Kd6 32. Re4 Rf1 33. Kc3
e5 34. a4 Rf3+ 35. Kc2 Ra3 36. Re1 Rh3 37. Rf1 Ke6 38. c5 Rxh4 39. cxb6 axb6 40.
Kb3 e4 41. a5 bxa5 42. bxa5 Rh3+ 43. Kb4 Rd3 44. a6 Rd8 45. Kb5 e3 46. Re1 Kd6
47. Rxe3 Rb8+ 48. Ka5 Rb1 49. a7 Ra1+ 50. Kb6 Rb1+ 51. Ka6 Ra1+ 52. Kb7 Rb1+ 53.
Kc8 Ra1 54. Kb8 Rb1+ 55. Kc8 Rc1+ 56. Kb8 Rb1+ 57. Kc8 1/2-1/2

[Event "Titled Tue 10th Jun Early"]
[Site "chess.com INT"]
[Date "2025.06.10"]
[Round "7"]
[White "Kuzmin, Roman"]
[Black "Dumanuly, Sultanbeibarys"]
[Result "1-0"]
[WhiteTitle "FM"]
[BlackTitle "FM"]
[WhiteElo "2203"]
[BlackElo "2212"]
[WhiteFideId "44134932"]
[BlackFideId "13731963"]
[EventDate "2025.06.10"]

1. e4 g6 2. d4 Bg7 3. Nc3 d6 4. h4 h5 5. Nh3 Bxh3 6. Rxh3 Nd7 7. f3 e6 8. Bg5
Bf6 9. Qd2 Ne7 10. O-O-O c6 11. e5 Bxg5 12. hxg5 d5 13. g4 Qa5 14. Kb1 O-O-O 15.
gxh5 gxh5 16. Ne4 Qxd2 17. Nd6+ Kc7 18. Rxd2 Rdf8 19. Rdh2 c5 20. Rxh5 Rxh5 21.
Rxh5 cxd4 22. f4 Ng6 23. Rh7 Nxf4 24. Nxf7 Kc6 25. a4 a6 26. Bd3 Nc5 27. g6 Nxg6
28. Bxg6 Nd7 29. Bh5 Rg8 30. Rh6 Nc5 31. Bg6 Rf8 32. Ng5 Rf1+ 33. Ka2 Rg1 34.
Nxe6 Nxe6 35. Bf5 Kc5 36. Rxe6 Rg2 37. Bd3 Rf2 38. Re7 Kc6 39. Kb3 b5 40. axb5+
axb5 41. Rh7 Kc5 42. e6 Rf6 43. e7 Re6 44. Bf5 Re3+ 45. Ka2 Kd6 46. Bg6 Rxe7 47.
Rxe7 Kxe7 48. Kb3 Kd6 49. Kb4 Kc6 50. Bd3 Kb6 51. Bxb5 1-0

[Event "Titled Tue 10th Jun Early"]
[Site "chess.com INT"]
[Date "2025.06.10"]
[Round "7"]
[White "Sklokin, Sergey"]
[Black "Sindarov, Islombek"]
[Result "1-0"]
[WhiteTitle "FM"]
[BlackTitle "CM"]
[WhiteElo "2311"]
[BlackElo "2129"]
[WhiteFideId "55730230"]
[BlackFideId "14205475"]
[EventDate "2025.06.10"]

1. d4 Nf6 2. c4 g6 3. Nc3 Bg7 4. e4 d6 5. f3 Nbd7 6. Be3 e5 7. d5 O-O 8. h4 a5
9. g4 Nc5 10. h5 Ne8 11. Qd2 f5 12. hxg6 hxg6 13. Bg5 Nf6 14. gxf5 gxf5 15. Bh6
f4 16. Qg2 Rf7 17. Nh3 Bxh3 18. Rxh3 Kf8 19. Qg6 Bxh6 20. Rxh6 Ng8 21. Rh8 Rg7
22. Qf5+ Rf7 23. Qh3 Qd7 24. Qh6+ Rg7 25. O-O-O Qf7 26. Nb5 Qg6 27. Qh4 Qg5 28.
Qh3 Qg3 29. Qf5+ Rf7 30. Qh5 Ke7 31. Rh7 Rg7 32. Nxc7 Nf6 33. Rxg7+ Qxg7 34. Qf5
Rd8 35. Ne6 Nxe6 36. Qxe6+ Kf8 37. Be2 Qf7 38. Qh3 Qh7 39. Qe6 Qf7 40. Qf5 Ng8
41. Qh3 Qd7 42. Qh4 Qe7 43. Qh2 Ke8 44. Rg1 Kd7 45. Rg6 Kc7 46. Qg2 Qf8 47. c5
dxc5 48. d6+ Kb8 49. Bc4 Nf6 50. a3 Qxd6 51. Kb1 Rf8 52. Qg5 1-0

[Event "Titled Tue 10th Jun Early"]
[Site "chess.com INT"]
[Date "2025.06.10"]
[Round "7"]
[White "Uraev, Ivan"]
[Black "Ilinca, Felix-Antonio"]
[Result "0-1"]
[WhiteTitle "FM"]
[BlackTitle "IM"]
[WhiteElo "2194"]
[BlackElo "2431"]
[WhiteFideId "4192443"]
[BlackFideId "54764998"]
[EventDate "2025.06.10"]

1. e4 c5 2. Nc3 d6 3. g3 Nc6 4. Bg2 g6 5. d3 Bg7 6. Be3 Rb8 7. Qd2 b5 8. Nge2 b4
9. Nd1 a5 10. O-O Ba6 11. a3 Qb6 12. axb4 axb4 13. h3 Nf6 14. Bh6 O-O 15. Bxg7
Kxg7 16. Ne3 Nd4 17. Kh2 e6 18. f4 Nd7 19. g4 Bb7 20. Ng3 Ra8 21. f5 Rxa1 22.
Rxa1 Ne5 23. Rf1 Ra8 24. c3 bxc3 25. bxc3 Ndc6 26. f6+ Kh8 27. Nc2 Ba6 28. Ra1
Rg8 29. d4 cxd4 30. cxd4 Nd7 31. g5 Rc8 32. d5 exd5 33. exd5 Nce5 34. Nd4 Bd3
35. Ne6 Qb7 36. Rc1 Rxc1 37. Qxc1 Bc4 38. Nf4 Nb6 39. Qd2 Qc7 40. Be4 Nbd7 41.
h4 Nc5 42. Bg2 Qd7 43. h5 Qg4 44. Nh3 gxh5 45. Qb2 Qc8 46. Qd4 Ng4+ 47. Kg1 Nd7
48. Nf4 Nde5 49. Ngxh5 Qa6 50. Ng3 Qa2 51. Bf1 Qh2# 0-1

[Event "Titled Tue 10th Jun Early"]
[Site "chess.com INT"]
[Date "2025.06.10"]
[Round "7"]
[White "Hou, Yifan"]
[Black "Gulevich, Artem"]
[Result "0-1"]
[WhiteTitle "GM"]
[BlackTitle "FM"]
[WhiteElo "2633"]
[BlackElo "2304"]
[WhiteFideId "8602980"]
[BlackFideId "24119580"]
[EventDate "2025.06.10"]

1. Nf3 Nf6 2. g3 b6 3. Bg2 Bb7 4. O-O e6 5. b3 d5 6. Bb2 Be7 7. c4 O-O 8. e3 c5
9. Qe2 Nbd7 10. Nc3 Rc8 11. Rfd1 Qc7 12. d3 Rfd8 13. Rac1 Qb8 14. h3 Qa8 15. g4
dxc4 16. bxc4 Nb8 17. g5 Ne8 18. h4 Nd6 19. e4 Nc6 20. Qe3 Ne8 21. Ne2 Qb8 22.
h5 Bd6 23. h6 Ne5 24. hxg7 Nxf3+ 25. Qxf3 Be5 26. Bxe5 Qxe5 27. Qh5 Nxg7 28. Qh4
Qb2 29. Nf4 Rd4 30. Kh2 Rcd8 31. Rh1 Rxd3 32. Nxd3 Rxd3 33. Rcd1 Qe5+ 34. f4 Qd4
35. Rxd3 Qxd3 36. Re1 Ne8 37. Qg3 Qxg3+ 38. Kxg3 Nd6 39. Kf2 Nxc4 40. Rd1 Bc6
41. Rd8+ Kg7 42. f5 exf5 43. exf5 Bxg2 44. f6+ Kg6 45. Rg8+ Kf5 46. Kxg2 Ne3+
47. Kf3 Ng4 48. Rg7 Ne5+ 49. Ke3 c4 50. Kd4 b5 51. Kc3 a5 52. Kd4 Nf3+ 53. Kc5
c3 54. Rxf7 c2 0-1

[Event "Titled Tue 10th Jun Early"]
[Site "chess.com INT"]
[Date "2025.06.10"]
[Round "7"]
[White "Cordoba Roa, Angel Gabriel"]
[Black "Jval Saurin Patel"]
[Result "0-1"]
[WhiteTitle "FM"]
[BlackTitle "FM"]
[WhiteElo "2396"]
[BlackElo "2331"]
[WhiteFideId "3957624"]
[BlackFideId "25968343"]
[EventDate "2025.06.10"]

1. e4 e6 2. d4 d5 3. e5 c5 4. c3 Nc6 5. Nf3 Qb6 6. Bd3 cxd4 7. O-O Bd7 8. Re1
Nge7 9. Nbd2 dxc3 10. bxc3 Ng6 11. Nb3 Be7 12. Rb1 Qc7 13. Qe2 O-O 14. h4 f6 15.
exf6 Bxf6 16. h5 Nf4 17. Bxf4 Qxf4 18. Nc5 Qd6 19. Nxd7 Qxd7 20. Qxe6+ Qxe6 21.
Rxe6 Bxc3 22. Rd6 Rad8 23. Rxd8 Nxd8 24. Rb5 d4 25. Rd5 Nc6 26. Rd7 b6 27. Be4
Nb4 28. Rxa7 Re8 29. Ng5 d3 30. Rd7 Bf6 31. Bxh7+ Kh8 32. Bg6 Re1+ 33. Kh2 Bxg5
34. a3 d2 35. Rf7 Kg8 36. Rc7 d1=Q 37. Rc8+ Bd8 38. axb4 Qd6+ 39. g3 Re2 40. Kg2
Re7 41. Rc2 Rc7 42. Re2 Be7 43. b5 Bf8 44. Re4 Qd5 45. Kh2 Rc2 46. Rf4 Rb2 47.
h6 gxh6 48. Be4 Rxf2+ 49. Rxf2 Qxe4 50. g4 Bd6+ 51. Kg1 Bc5 52. g5 Qe3 53. Kh1
Qxf2 54. gxh6 Qg1# 0-1

[Event "Titled Tue 10th Jun Early"]
[Site "chess.com INT"]
[Date "2025.06.10"]
[Round "7"]
[White "Shapiro, Daniel"]
[Black "Fomevor, Cephas Clinton"]
[Result "1/2-1/2"]
[WhiteTitle "FM"]
[BlackTitle "CM"]
[WhiteElo "2284"]
[BlackElo "1883"]
[WhiteFideId "2001780"]
[BlackFideId "12601330"]
[EventDate "2025.06.10"]

1. d4 d5 2. c4 c6 3. Nf3 Nf6 4. Qb3 dxc4 5. Qxc4 Bf5 6. Nc3 e6 7. Qb3 Qb6 8. Nd2
Be7 9. e3 O-O 10. Be2 Nbd7 11. O-O Rac8 12. Qxb6 Nxb6 13. e4 Bg6 14. f3 Rfd8 15.
Nb3 Nbd7 16. Be3 e5 17. dxe5 Nxe5 18. Bxa7 Nd3 19. Bb6 Rd7 20. Rab1 Nf4 21. Bc4
Bb4 22. Rbd1 h6 23. Rxd7 Nxd7 24. Be3 Ne6 25. Ne2 b5 26. Bxe6 fxe6 27. Rd1 Be8
28. a3 Be7 29. Ned4 Kf7 30. f4 Nc5 31. e5 Nxb3 32. Nxb3 c5 33. Rc1 c4 34. Nd4 b4
35. axb4 Bxb4 36. g4 c3 37. bxc3 Rxc3 38. Rxc3 Bxc3 39. Kf2 Bxd4 40. Bxd4 Bc6
41. h4 Bd5 42. Ke3 Ba2 43. f5 Bd5 44. Kf4 Bc4 45. f6 gxf6 46. exf6 Bd5 47. g5
hxg5+ 48. Kxg5 Be4 49. h5 Bd3 50. Kh6 Be4 51. Be5 Bf5 52. Kg5 Be4 53. h6 Bd3 54.
Kh5 Bh7 55. Kg4 Be4 56. Kf4 Bh7 57. Ke3 Bb1 58. Kd4 Bh7 59. Kc5 Bf5 60. Kd6 Bh7
61. Kd7 Bf5 62. Bd4 Bh7 63. Bc3 Bf5 64. Kd8 Bh7 65. Kc7 Bf5 66. Kd6 Bh7 67. Ke5
Bf5 68. Kf4 Bh7 69. Kg5 Bf5 70. Kh4 Bh7 71. Kg3 Bf5 72. Kf2 Bh7 73. Ke3 Bf5 74.
Kf4 Bh7 75. Kg5 Bf5 76. Kf4 1/2-1/2